Представление документа в формате MARC21

Поле Инд. ПП Название Значение
Тип записи a
Библиографический уровень m
001 Контрольный номер 11dc0581-fa4a-40a2-baff-9792cab4f1e2
005 Дата корректировки 20140226201154.1
008 Кодируемые данные 990127 d
020 c Цена, тираж 12.65
040 a Служба первич. каталог. НБ ТвГУ
041 a Код языка текста ger, sze
080 a Индекс УДК 622:008
a Индекс УДК 55:008
084 a Индекс другой классификации/Индекс ББК И
a Индекс другой классификации/Индекс ББК Д3
090 x Авторский знак E66
a Полочн. индекс И
110 0_ a Организация/ юрисдикция Erbe-Symposium
c Место Banska Stiavnica
n Номер части/ раздела/ мероприятия 4
d Дата 1998
245 0_ a Заглавие 4. Erbe-Symposium
b Продолж. заглавия Das kulturelle Erbe in den Montan-und Geowissenschaften: Bibl.- Archive-Museen, Bansca Stiavnica 1998 : Resume
260 1_ a Место издания [Banska Stiavnica]
c Дата издания [1998]
300 a Объем 81 S., включая обл.
440 a Серия Traditiones des montanistischen Schulwesens in der Welt
583 a Действие Получение впервые 621 10.12.98
k Исполнитель действия Дар Геологического общества
650 a Основная рубрика Горное дело
x Основная подрубрика Культурное наследие
650 a Основная рубрика Геологические науки
653 a Ключевые слова Горное дело
a Ключевые слова Минералы
a Ключевые слова Горная промышленность
a Ключевые слова Геология
a Ключевые слова Металлургия
a Ключевые слова Библиотеки
a Ключевые слова Искусство
a Ключевые слова Культура
700 1_ a Другие авторы Goetz Altmann
e Роль лиц Aut.
700 1_ a Другие авторы Anastasenko G.
e Роль лиц Aut.
t Заглавие произведения Das kulturelle Erbe in den Montan-und Geowissenschaften: Bibliotheken-Archive-Museen
700 1_ a Другие авторы Astrahansky V.S.
e Роль лиц Aut
t Заглавие произведения Kulturne dedicstvo v Banskych, metalurgickych a geologickych vedach : Kniznice - Archive - Muzea
700 1_ a Другие авторы Bachl-Hoffmann
e Роль лиц Aut.
700 1_ a Другие авторы Petuchowa Marina
e Роль лиц Aut.
t Заглавие произведения Buecher fuer Geologie im Twerer Knabengyemnasium
852 t Порядковый номер экземпляра 1
p Инвентарный номер 703439
888 a Бесплатные
930 a Новая/Ретро иностр
a Новая/Ретро нем
952 p 621.98 12.65 1 703439
c Вид литературы К ин
954 a Дата поступления на обработку 19981210
999 a Подразделение 2 ОРК